06106ntaaa2200877 45000030003000000050017000030080021000200200015000410400037000560820014000931000018001072450151001252500012002762600040002883000011003285050115003395050106004545050052005605050108006125050075007205050079007955050061008745050085009355050116010205050089011365050073012255050078012985050105013765050096014815050122015775050092016995050092017915050086018835050074019695050085020435050108021285050090022365050074023265050095024005050104024955050077025995050079026765050103027555050117028585050170029755050078031455050162032235050096033855050072034815050046035535050082035995050061036815050101037425050077038435050042039205050081039625050095040435050050041385050072041885050095042605050086043555050108044415050055045495050066046045050071046705050083047415050058048245050050048825050048049325050069049805050114050496500015051636500013051786500018051916500019052090120251027203251.00714s1973 ag 01  a9500513226 aAR-BaBNbspacAR-BaBNeaacrdRIC a335.4 G54 aGodio, Julio  aEl mundo en que vivimos : bUn ensayo sobre el derrumbe del socialismo real y el significado de la "autorrevoluciòn del capital" / cJulio Godio a1ª ed. aBuenos Aires : bCorregidor, c2000 a285 p. tLA CIVILIZACION DEL CAPITAL CUESTIONADA: IRRUPCION EN LA HISTORIA Y DEBACLE DEL "SOCIALISMO REAL" (1917-1989). tCAPITULO 1: Configuración y temprana dispersión de la teoría marxista del progreso histórico. t1. El Capital: el paradigma y su reduccionismo. t2. Demandas de la acción política a la teoría política: la custión de la conquista del poder. t3. La II Internacional: programa común con malentendidos teóricos. t4. Precapitalismo y Socialismo: sospechas de Marx y certidumbres de Lenin. t5. Primera ruptura en la teoría marxista del progreso. tCAPITULO 2: Oriente y Occidente: el peregrinaje del marxismo entre ambos mundos. t1. Paradojas de la historia: los comunistas soviéticos se preguntan en 1985 si hicieron "lo correto" en 1917. t2. Primeras dudas de Lenin sobre la instalación de la Revolución Rusa en Europa. t3. El stalinismo: excedente económico y supervivencia soviética. t4. De Londres a Yenan: el peregrinaje leninista de Marx hacia el Oriente. tCAPITULO 3: El "marxismo-leninismo-stalinismo": implantación, limites y cuestionamientos internos. t1. La desventura del marxismo en Rusia: constitución del "marxismo-leninismo- stalinismo" t2. Conformación del "núcleo dirigente" marxista-leninista-stalinista a nivel internacional: rasgos fundamentales. t3. Los marxismos contra el fascismo: escenario común, acuerdos coyuntuales y ruptura. tCAPITULO 4: Expansión, estancamiento e inicio de la decadencia del "socialismo real". t1. La organización del sistema del socialismo real en Europa y la Gerra Fría. t2. Revolución en China: extensión del sistema socialista mundial. t3. Revolución en China: maoísmo y cuestionamiento del liderazgo soviético. t4. El titoísmo: primer intento de política autónoma en el comunismo de Europa Central y del Este. t5. Khrushovismo: reformas económica, competencia y coexistencia con el capitalismo. t6. Consolidación del socialismo democrático en Europa occidental. t7. El termundismo en la escena mundial: final del colonialismo y las guerras en Indochina. t8. Del mayo francés a la tragedia en Checoslovaquia: inicio de la decadencia del socialismo real. tCAPITULO 5: Agotamiento y desaparición del sistema socialista mundial. t1. Reformas en el estancamiento: agotamiento y crisis del socialismo real. t2. Abolición del stalinismo y viraje hacia un socialismo democrático: Glasnost y Perestroika. t3. El derrumbe del sistema del socialismo real en los países de Europa Central y del Este: aspectos generales. t4. Fracaso de la perestroika en sus dos objetivos fundamentales: socialdemocrático y nuevo Tratado de la Unión. Desaparición de la URSS y nacimiento de la CEI. t5. Profundización y resolución de la crisis: escenarios alternativos. tEL DESPLIEGUE INTERNACIONAL DE LA "AUTORREVOLUCION DEL CAPITAL": OPOSICION ENTRE PARADIGMAS NEOLIBERALES HEGEMONICOS Y NUEVOS PARADIGMAS CRITICOS (1975-2000) tCAPITULO 1: La hegemonía global neoliberal: Bases económicas, políticas y culturales. t1. Un cambio sustancial en el mundo: la hegemonía norteamericana. t2. Líneas de fuerza en el sistema-mundo t3. Breves reflexiones sobre algunos países excluidos en la globalización. t4. Discurso neoliberal y crítica desde el catolicismo. tCAPITULO 2: Crítica a la globalización: componentes políticos, económicos y financieros. t1. La cuestión del capital financiero: importancia de la "Tasa Tobin". t2. El círculo infernal de la deuda. t3. Rusia y China: dos historias, dos caminos hacia la economía de mercado. t4. Una convergencia original entre movimientos campesinos de los países del Sur del G-7. t5. Un breve comentario sobre biotecnología. t6. Nuevo enfoque sobre la relación entre ecología y economía. tCAPITULO 3: Crítica a la globalización: componentes sociolaborales y sociopolíticos. t1. Desempleo y exclusión: antesala de una revolución del concepto de trabajo. t2. Reflexiones sobre la relación entre la jornada de 35 horas y las transformaciones en las empresas. t3. De la "Tercera Vía" a los sucesos de Seattle. t4. Algo más sobre la nueva economía y el progreso social. t5. La cláusula social como herramienta del desarrollo integrado. t6. La cuestión de género y su localización dentro de la globalización. tCAPITULO 4: El Estado-nación en la globalización. t1. Neoliberalismo y desposesión del Estado. t2. El mercado y el regreso de lo público. tCAPITULO 5: Ilusiones ingenuas sobre el fin de la Guerra Fría. t1. El pacifismo y la no-violencia en crisis: guerra sin muertos y resurgimientos de los fascismos populistas. aSOCIALISMO aMARXISMO aGLOBALIZACION aNEOLIBERALISMO